000 00702nam a2200133Ia 4500
008 220620s9999||||xx |||||||||||||| ||und||
020 _a9782890000000
245 0 _aInnovative Technologies and Clinical Applications for Invasive and Non-Invasive Neuromodulation: From the Workbench to the Bedside
546 _aEnglish[eng]
650 _anon-invasive brain stimulation||deep-brain stimulation||neurophysiology||Parkinson’s disease movement disorders
700 _aBologna, Matteo||Merola, Aristide||Ricciardi, Lucia
856 _uhttps://www.frontiersin.org/research-topics/8481/innovative-technologies-and-clinical-applications-for-invasive-and-non-invasive-neuromodulation-from
942 _cEB
999 _c29856
_d29856